Pferde- und Ponyrassen nach Bild - Statistiken

Allgemein
  • Dieses Quiz wurde 2.054 mal gespielt
  • Das Durchschnittsergebnis liegt bei 7 aus 10
Antwortstatistiken
Bildquiz Antwort % Korrekt
Haflinger
93%
Einhorn
89%
Friese
82%
Fjordpferd
81%
Shetlandpony
80%
Araber
78%
Islandpferd
78%
Lipizzaner
63%
Tinker
63%
Appaloosa
40%
Keine übereinstimmenden Quizze gefunden
Verteilung der Resultate
Anzahl Personen mit jedem Resultat
Perzentil nach korrekt beantworteten Fragen
Ihre Resultats-Entwicklung
Sie haben dieses Quiz noch nicht gespielt